Titles of all sherlock holmes books Quiz Stats

 Plays Quiz not verified by Sporcle

Score 0/9 Timer 10:00
0 Plays Today
books by Sir Authur Conan Doyle only. book title % Correct
First bookA Study in Scarlet
100%
Fith bookThe Hound of the Baskervilles
92.3%
second bookThe Sign of Four
73.1%
Third bookThe Adventures of Sherlock Holmes
65.4%
Sixth bookThe Return of Sherlock Holmes
61.5%
Ninth bookThe Casebook of Sherlock Holmes
57.7%
Eighth bookHis Last Bow
53.8%
Seventh bookThe Valley of Fear
50%
Fourth bookThe Memories of Sherlok Holmes
15.4%

You're not logged in!

Compare scores with friends on all Sporcle quizzes.
OR
Log In

You Might Also Like...

Show Comments

Extras

Top Quizzes Today


Score Distribution

Your Account Isn't Verified!

In order to create a playlist on Sporcle, you need to verify the email address you used during registration. Go to your Sporcle Settings to finish the process.

Report this User

Report this user for behavior that violates our Community Guidelines.

Details: